000 00563nam a22001937a 4500
005 20251108164050.0
008 250721s1996 xx 000 0 ara d
082 1 4 _a153/كام
100 1 _aعويضه، كامل محمد محمد
245 1 0 _aسيكولوجية العقل البشري /
264 1 _aبيروت :
_bدار الكتب العلمية،
_c1996.
300 _a198ص
490 0 _aسلسلة علم النفس ؛ 6
650 1 7 _aعلم النفس
650 1 7 _aالذكاء
650 1 7 _aالتفكير
942 _2ddc
_cBK
999 _c2727
_d2727